Statistics for Every Final Boss in Kirby (Play if you want spoilers)

Click here to take the quiz!

General Stats

  • This quiz has been taken 68 times
  • The average score is 17 of 24

Answer Stats

What I consider a Main Series Game (Fighters series and Team Kirby Series included) (and a few subgames, spinoffs and whatnot)Final Boss (answer)% Correct
Kirby's Dream Land 2Dark Matter
89%
Kirby's Dream LandKing Dedede
89%
Guest Star ???: Star Allies Go!Morpho Knight
89%
Kirby and The Amazing Mirror (not Dark Mind)Dark Meta Knight
80%
Kirby's Return To Dream LandMagolor
80%
Super Kirby ClashNightmare
80%
Kirby's Adventure, Kirby Nightmare In Dream LandNightmare
80%
Kirby: Right Back At Ya! (it's Nightmare's company)Nightmare Enterprises
80%
Kirby Fighters 2Waxing Crescent Masked Dedede and Waning Crescent Masked Meta Knight
80%
Kirby's Dream Land 3Zero
80%
Kirby Route: Gourmet ClashMarx
77%
Kirby Super Star (and it's Ultra version)Marx
77%
Kirby: Triple DeluxeQueen Sectonia
77%
Kirby: Squeak SquadDark Nebula
75%
Kirby Star AlliesVoid Termina
75%
Kirby: Canvas CurseDrawcia
73%
Kirby: Planet RobobotStar Dream
73%
Kirby 64: The Crystal Shards (if the player collects all the shards required)Zero 2 (stylized 0²)
73%
Kirby and the Rainbow CurseDark Crafter
66%
Kirby's Epic Yarn (and Extra Epic Yarn)Yin-Yarn
61%
Kirby 64: The Crystal Shards (if the player does not collect all 74 shards)Miracle Matter
45%
Kirby Mass AttackNecrodeus
43%
Team Kirby Clash (and once again, Deluxe)King D-Mind
34%
Kirby Fighters (and Deluxe)Shadow Kirby
30%

Score Distribution

Percentile by Number Answered

Percent of People with Each Score

Your Score History

You have not taken this quiz